000 00673cab a2200217 4500
001 ABS39581
008 090401t1988 xxu||||| |||| 00| 0 eng d
035 _a(Sirsi) u17575
041 _aeng
100 _aSimmonds, D.
245 _aNew rules on building arbitration
260 _c1988
350 _a0
490 _aConstruction News
_v(6974) 4 August 1988, 14(1)
520 _aBriefly reviews the new JCT rules on the conduct of building arbitration.
650 _aBUILDING INDUSTRY
650 _aDISPUTES
690 _aMANAGEMENT-DISPUTE AVOIDANCE, MANAGEMENT AND RESOLUTION-DISPUTE MANAGEMENT AND RESOLUTION-ARBITRATION
942 _n0
948 _c04/03/1997
999 _c11653
_d11653